[Event "Deutsche Meisterschaft 2013"]
[Site "Saarbrücken"]
[Date "2013.09.08"]
[Round "3.9"]
[White "Schwarz, Frank"]
[Black "Kopylov, Michael"]
[Result "0-1"]
[WhiteElo "2249"]
[BlackElo "2457"]
[PlyCount "50"]
[EventDate "2013.09.05"]

1. d4 c5 2. c3 Nf6 3. Nf3 b6 4. Bf4 Bb7 5. e3 Nh5 6. Bg3 Nxg3 7. hxg3 g6 8.
Nbd2 Bg7 9. Bd3 O-O 10. Qe2 d6 11. O-O-O cxd4 12. exd4 e5 13. dxe5 dxe5 14. Rh4
Nd7 15. Ne4 Qe7 16. Rdh1 h5 17. g4 hxg4 18. Qe3 Rfe8 19. Rh7 Bxe4 20. Bxe4 gxf3
21. Qxf3 Qg5+ 22. Kb1 Nf6 23. Rxg7+ Kxg7 24. Bxa8 e4 25. Bxe4 Rxe4 0-1

[Event "Deutsche Meisterschaft 2013"]
[Site "Saarbrücken"]
[Date "2013.09.08"]
[Round "3.10"]
[White "Svane, Rasmus"]
[Black "Zieher, Hartmut"]
[Result "1-0"]
[WhiteElo "2445"]
[BlackElo "2300"]
[PlyCount "83"]
[EventDate "2013.09.05"]

1. Nf3 d5 2. c4 e6 3. d4 Nf6 4. Nc3 c5 5. cxd5 exd5 6. g3 Nc6 7. Bg2 c4 8. O-O
Be7 9. Ne5 O-O 10. b3 cxb3 11. Nxc6 bxc6 12. axb3 a5 13. Ba3 Re8 14. Qc2 Ba6
15. Rfc1 Bb4 16. e3 Bxc3 17. Qxc3 Bb5 18. Bc5 a4 19. bxa4 Rxa4 20. Rxa4 Bxa4
21. Ra1 Bb5 22. Qc2 g6 23. Ra7 Kg7 24. Qa2 h5 25. Qa3 Qc8 26. Bd6 Qf5 27. Qb2
h4 28. gxh4 Qg4 29. Qa1 Qxh4 30. Be5 Bd3 31. Rc7 Kg8 32. Bg3 Qg5 33. Rxc6 Ne4
34. Qa4 Rd8 35. Qa5 Nxg3 36. hxg3 Rb8 37. Rb6 Rc8 38. Qxd5 Rc1+ 39. Kh2 Qh6+
40. Bh3 Bf5 41. Rb8+ Bc8 42. Qd8+ 1-0

[Event "Deutsche Meisterschaft 2013"]
[Site "Saarbrücken"]
[Date "2013.09.08"]
[Round "3.11"]
[White "Lubbe, Nikolas"]
[Black "Müller, Reinhold"]
[Result "1-0"]
[WhiteElo "2432"]
[BlackElo "2249"]
[PlyCount "189"]
[EventDate "2013.09.05"]

1. e4 c5 2. Nf3 d6 3. d4 cxd4 4. Nxd4 Nf6 5. Nc3 g6 6. Be2 Bg7 7. O-O O-O 8.
Bg5 Nc6 9. Nb3 a6 10. f4 b5 11. Bf3 Bb7 12. Kh1 Nd7 13. Re1 Nb6 14. e5 Nc4 15.
Nd5 f6 16. Bh4 Nxb2 17. Qe2 fxe5 18. c3 Nc4 19. Rad1 Rb8 20. Nc5 dxc5 21. Nxe7+
Qxe7 22. Bxe7 Nxe7 23. Bxb7 Rxb7 24. Qe4 Rc7 25. fxe5 Bxe5 26. Rf1 Nf5 27. g4
Nfe3 28. Rxf8+ Kxf8 29. Rd3 Re7 30. Rxe3 Nxe3 31. Qxe3 c4 32. Kg2 Kg7 33. g5 a5
34. Qc5 Kf8 35. Qxb5 Bxc3 36. Qxc4 Be5 37. Qd5 Bc7 38. h4 Rf7 39. Kh3 Kg7 40.
h5 gxh5 41. Kh4 Kf8 42. Kxh5 Ke8 43. Qe6+ Kf8 44. Qc8+ Kg7 45. Qe8 Bf4 46. Qc6
Bc7 47. Qh6+ Kg8 48. Qe6 Kf8 49. Qc8+ Kg7 50. a3 Be5 51. Qc5 Bc7 52. a4 Rd7 53.
Qc3+ Kg8 54. Qc6 Re7 55. Kh6 Be5 56. Qa8+ Kf7 57. Qxa5 Ke6 58. Qb6+ Kd5 59.
Qb5+ Kd6 60. a5 Rd7 61. a6 Bd4 62. Qb4+ Kd5 63. Qa4 Ra7 64. Qb5+ Kd6 65. Kh5
Bc5 66. Kg4 Kd5 67. Kh5 Kd6 68. Kh6 Re7 69. Qa4 Ra7 70. Qe4 Rc7 71. Qe8 Ra7 72.
Qc8 Rc7 73. Qe8 Ra7 74. Qa4 Kd5 75. Kh5 Re7 76. Qb5 Ra7 77. Kg4 Re7 78. Qb3+
Kc6 79. Kf5 Ra7 80. Qa2 Kb6 81. Ke5 Re7+ 82. Kd5 Rd7+ 83. Kc4 Rd4+ 84. Kc3 Rd7
85. Qe6+ Kc7 86. Kc4 Bb6 87. Kb5 Bd4 88. Qc6+ Kd8 89. Qa8+ Ke7 90. Qb8 Ke6 91.
Kc6 Ke7 92. Qf4 Ke8 93. Qg4 Rd8 94. Qe4+ Kf7 95. Kc7 1-0

[Event "Deutsche Meisterschaft 2013"]
[Site "Saarbrücken"]
[Date "2013.09.08"]
[Round "3.12"]
[White "Braun, Vitali"]
[Black "Pfretzschner, Roland"]
[Result "1/2-1/2"]
[WhiteElo "2403"]
[BlackElo "2232"]
[PlyCount "82"]
[EventDate "2013.09.05"]

1. d4 Nf6 2. c4 c5 3. d5 b5 4. cxb5 a6 5. e3 axb5 6. Bxb5 Qa5+ 7. Nc3 Bb7 8.
Bd2 Qb6 9. Qb3 e6 10. Bc4 Qxb3 11. Bxb3 Nxd5 12. Nxd5 exd5 13. Nf3 Na6 14. O-O
Nc7 15. Rfd1 Be7 16. Bc3 O-O 17. a3 Ra6 18. Rac1 d6 19. Ne1 Rb8 20. Ba2 Bc6 21.
Nd3 Nb5 22. Be1 Bf6 23. f3 Nc7 24. Bc3 Bxc3 25. Rxc3 c4 26. Bxc4 dxc4 27. Rxc4
Ba4 28. Rdc1 Ne6 29. Rc8+ Rxc8 30. Rxc8+ Nf8 31. Nb4 Ra7 32. Nd5 f6 33. e4 Kf7
34. Rd8 Nd7 35. Rc8 Bb3 36. Nc3 Ke7 37. Nb5 Ra6 38. Nd4 Rb6 39. Rc7 g6 40. h3
Ba4 41. b4 Kd8 1/2-1/2

[Event "Deutsche Meisterschaft 2013"]
[Site "Saarbrücken"]
[Date "2013.09.08"]
[Round "3.13"]
[White "Schleining, Zoya"]
[Black "Paul, Johannes"]
[Result "1-0"]
[WhiteElo "2377"]
[BlackElo "2227"]
[PlyCount "135"]
[EventDate "2013.09.05"]

1. d4 Nf6 2. c4 g6 3. Nc3 Bg7 4. e4 d6 5. Nf3 O-O 6. Be2 e5 7. Be3 Nbd7 8. O-O
Re8 9. d5 Nh5 10. g3 Bf8 11. Ne1 Ng7 12. Nd3 f5 13. Qd2 Be7 14. f3 Rf8 15. b4
Nf6 16. Nf2 h5 17. Bh6 Nh7 18. exf5 gxf5 19. f4 Qe8 20. fxe5 dxe5 21. Nd3 e4
22. Nf4 Bxb4 23. Bxg7 Kxg7 24. Qd4+ Kh6 25. c5 Bxc3 26. Qxc3 Nf6 27. Qe3 Kh7
28. Rad1 Bd7 29. Rb1 Rb8 30. Qd4 Kh6 31. Ng2 Ng4 32. Bxg4 hxg4 33. Ne3 Kg6 34.
Rb2 Qe7 35. Rf4 b6 36. c6 Bc8 37. Rbf2 Qc5 38. Qd2 Rd8 39. Kg2 Rd6 40. Qe2 Rxd5
41. Nxd5 Qxd5 42. Qe3 Qxc6 43. h4 gxh3+ 44. Kh2 Qc5 45. Qb3 Bd7 46. Rg4+ fxg4
47. Qf7+ Kg5 48. Qg7+ Kh5 49. Qh7+ Kg5 50. Qh4+ Kg6 51. Rf6+ Kg7 52. Qh6+ Kg8
53. Rg6+ Kf7 54. Qh7+ Ke8 55. Rg8+ Qf8 56. Rxf8+ Kxf8 57. Qh8+ Ke7 58. Qxb8 Kd6
59. Qxa7 Bb5 60. Qa3+ Kd5 61. Qb3+ Kc5 62. Qe3+ Kd5 63. Qg5+ Kd4 64. Qxb5 e3
65. Qe2 c5 66. Qxg4+ Kd3 67. Qd1+ Ke4 68. Qe2 1-0

[Event "Deutsche Meisterschaft 2013"]
[Site "Saarbrücken"]
[Date "2013.09.08"]
[Round "3.14"]
[White "Schreiber, Kevin"]
[Black "Colpe, Malte"]
[Result "0-1"]
[WhiteElo "1920"]
[BlackElo "2338"]
[PlyCount "110"]
[EventDate "2013.09.05"]

1. d4 Nf6 2. Nf3 c5 3. e3 d5 4. b3 cxd4 5. exd4 Nc6 6. Bd3 Bg4 7. c3 e6 8. O-O
Qc7 9. Ba3 Bxa3 10. Nxa3 Ne4 11. Rc1 O-O 12. Nb1 f5 13. Be2 Rf6 14. Ne5 Nxe5
15. dxe5 Qxe5 16. Bxg4 fxg4 17. Qxg4 Nxf2 18. Qd4 Qg5 19. Qd2 Ne4 20. Qxg5 Nxg5
21. Rfe1 Rc8 22. Na3 Nf7 23. Rcd1 h6 24. c4 dxc4 25. Nxc4 b5 26. Ne3 e5 27. Rd7
Ra6 28. Nd5 Rc5 29. Nb4 Rd6 30. Rxa7 Rd4 31. a3 Rc3 32. Rb7 Nd6 33. Rb8+ Kh7
34. Rxe5 Rxb3 35. Re1 Rd2 36. Rd8 Rbb2 37. Kh1 Nc4 38. Rxd2 Rxd2 39. h4 Nxa3
40. Nc6 Rd6 41. Ne7 b4 42. Re3 Rd4 43. g3 Nc4 44. Rf3 Nd2 45. Rf8 Rd7 46. Nc6
Rb7 47. Rd8 b3 48. Rxd2 b2 49. Rxb2 Rxb2 50. Ne5 Re2 51. Nf3 Kg6 52. Nd4 Ra2
53. Nf3 Kf5 54. Nh2 Ke4 55. Kg1 Ke3 0-1

[Event "Deutsche Meisterschaft 2013"]
[Site "Saarbrücken"]
[Date "2013.09.08"]
[Round "3.15"]
[White "Oberhofer, Andre"]
[Black "Seyfried, Claus"]
[Result "1-0"]
[WhiteElo "2329"]
[BlackElo "2185"]
[PlyCount "105"]
[EventDate "2013.09.05"]

1. e4 e6 2. d4 d5 3. Nc3 Nf6 4. Bg5 Bb4 5. exd5 Qxd5 6. Bxf6 Bxc3+ 7. bxc3 gxf6
8. Qf3 Qa5 9. Ne2 Nd7 10. Nc1 c6 11. a4 Rg8 12. Nb3 Qd5 13. Qe3 Nb6 14. a5 Nc4
15. Qd3 Nd6 16. c4 Qe4+ 17. Qxe4 Nxe4 18. Bd3 f5 19. Bxe4 fxe4 20. O-O f5 21.
f3 exf3 22. Rxf3 Rb8 23. Re1 Kf7 24. Rh3 Rg7 25. Nc5 b6 26. Rb1 Kf6 27. Rhb3 e5
28. axb6 axb6 29. Rxb6 Rxb6 30. Rxb6 Rc7 31. c3 f4 32. Nd3 exd4 33. cxd4 Kf5
34. Nc5 h5 35. h3 h4 36. Rb8 f3 37. gxf3 Kf4 38. Kf2 Bxh3 39. Rh8 Bf5 40. Rxh4+
Kg5 41. Kg3 Ra7 42. Ne4+ Kg6 43. Kf4 Be6 44. c5 Ra3 45. Ke5 Bd5 46. Rg4+ Kf7
47. Rg1 Kf8 48. Rg6 Rxf3 49. Rf6+ Rxf6 50. Nxf6 Bg2 51. Ke6 Bh3+ 52. Kd6 Bg2
53. Nd7+ 1-0

[Event "Deutsche Meisterschaft 2013"]
[Site "Saarbrücken"]
[Date "2013.09.08"]
[Round "3.16"]
[White "Commercon, Simon"]
[Black "Vatter, Hans-Joachim"]
[Result "0-1"]
[WhiteElo "2187"]
[BlackElo "2288"]
[PlyCount "128"]
[EventDate "2013.09.05"]

1. d4 d6 2. e4 Nf6 3. Nc3 e5 4. Nf3 Nbd7 5. g3 c6 6. Bg2 Be7 7. O-O O-O 8. h3
b5 9. a3 a6 10. Qe2 Re8 11. Rd1 Qc7 12. Bg5 h6 13. Be3 Bf8 14. Rac1 Bb7 15.
dxe5 dxe5 16. Nh4 Nb6 17. Bxb6 Qxb6 18. Nf5 Bc8 19. Qf3 Bxf5 20. Qxf5 b4 21.
axb4 Qxb4 22. Rb1 a5 23. Rd3 a4 24. Kh2 Re6 25. Qf3 Rd6 26. Nd1 Rxd3 27. Qxd3
a3 28. c3 Qa5 29. bxa3 Qxa3 30. Ne3 Bc5 31. Nc4 Qa2 32. Rb2 Qa1 33. Rb1 Qa2 34.
Rb2 Qa1 35. Qe2 Re8 36. Bf3 Qc1 37. Rc2 Qa1 38. Kg2 g6 39. Nd2 Ra8 40. Nb3 Qa3
41. Qc4 Bf8 42. Nc1 Qa4 43. Qe2 Qa6 44. Nd3 Bd6 45. Qd2 Kg7 46. Nb4 Bxb4 47.
cxb4 Qa4 48. Rc4 Re8 49. Bd1 Qa8 50. Qc2 Re6 51. Qc3 h5 52. Bb3 Qa3 53. Qc2 Rd6
54. Ba4 h4 55. g4 Rd3 56. Bxc6 Rxh3 57. Qd1 Rb3 58. b5 h3+ 59. Kg1 Rg3+ 60. Kh1
Nxg4 61. Rc2 Rg2 62. b6 Rxf2 63. b7 Qg3 64. Qg1 Qf3+ 0-1

[Event "Deutsche Meisterschaft 2013"]
[Site "Saarbrücken"]
[Date "2013.09.08"]
[Round "3.17"]
[White "Litwak, Aleksej"]
[Black "Tabatt, Hendrik"]
[Result "1-0"]
[WhiteElo "2230"]
[BlackElo "2303"]
[PlyCount "57"]
[EventDate "2013.09.05"]

1. e4 c5 2. Nf3 e6 3. d4 cxd4 4. Nxd4 a6 5. Bd3 d6 6. O-O Nd7 7. c4 Ngf6 8. Nc3
Qc7 9. Qe2 Ne5 10. Bd2 Be7 11. Kh1 O-O 12. f4 Nxd3 13. Qxd3 b6 14. b3 Bb7 15.
f5 Qd7 16. Rae1 e5 17. Nc2 b5 18. Ne3 bxc4 19. Nxc4 Qc7 20. Bg5 Qc5 21. Bxf6
Bxf6 22. Rd1 Rfd8 23. Nd5 a5 24. Qg3 Kf8 25. Nce3 Bxd5 26. Rxd5 Qc3 27. Nc4 Qc2
28. Qe3 a4 29. Rd2 1-0

[Event "Deutsche Meisterschaft 2013"]
[Site "Saarbrücken"]
[Date "2013.09.08"]
[Round "3.18"]
[White "Marcziter, Dmitrii"]
[Black "Lochte, Thomas"]
[Result "1/2-1/2"]
[WhiteElo "2265"]
[BlackElo "2141"]
[PlyCount "93"]
[EventDate "2013.09.05"]

1. d4 Nf6 2. Nf3 d5 3. c4 e6 4. Nc3 Be7 5. Bg5 h6 6. Bxf6 Bxf6 7. e3 O-O 8. Qc2
c5 9. dxc5 Qa5 10. cxd5 exd5 11. Rd1 Qxc5 12. Be2 Nc6 13. Qd2 Be6 14. O-O Rfd8
15. Nb5 Rac8 16. a3 Ne5 17. Nxe5 Bxe5 18. b4 Qb6 19. a4 Bf5 20. a5 Qg6 21. Rc1
a6 22. Nd4 Bh3 23. Bf3 Rc4 24. Rxc4 dxc4 25. Rc1 Qg5 26. Rxc4 Be6 27. Rc5 Qf6
28. h3 Bxd4 29. exd4 Rxd4 30. Qc3 Qd8 31. Rc7 Rd3 32. Qc5 Rxf3 33. gxf3 Qd1+
34. Kg2 Bxh3+ 35. Kxh3 Qxf3+ 36. Kh2 Qf4+ 37. Kg2 Qg4+ 38. Kh2 Qh4+ 39. Kg1
Qg4+ 40. Kh1 Qh3+ 41. Kg1 Qg4+ 42. Kf1 Qd1+ 43. Kg2 Qg4+ 44. Kf1 Qd1+ 45. Kg2
Qg4+ 46. Kf1 Qd1+ 47. Kg2 1/2-1/2

[Event "Deutsche Meisterschaft 2013"]
[Site "Saarbrücken"]
[Date "2013.09.08"]
[Round "3.19"]
[White "Bastian, Herbert"]
[Black "Schellmann, Frank"]
[Result "1/2-1/2"]
[WhiteElo "2339"]
[BlackElo "2098"]
[PlyCount "131"]
[EventDate "2013.09.05"]

1. e4 e5 2. Nf3 Nc6 3. Bc4 Nf6 4. d3 Bc5 5. O-O O-O 6. Nbd2 d6 7. c3 a5 8. Bb5
Na7 9. Ba4 b5 10. Bc2 Nc6 11. a4 b4 12. h3 h6 13. Re1 Re8 14. Nc4 Be6 15. Ne3
d5 16. exd5 Nxd5 17. d4 exd4 18. cxd4 Bf8 19. Qd3 g6 20. Bd2 Rb8 21. Rac1 b3
22. Bxb3 Ncb4 23. Qb1 Nf4 24. Bxe6 Rxe6 25. Rc3 c5 26. d5 Nfxd5 27. Rc4 Nxe3
28. Bxe3 Qd5 29. Rc3 c4 30. b3 cxb3 31. Rxb3 Rd8 32. Nd4 Ree8 33. Rc1 Bg7 34.
Nb5 Qe4 35. Qxe4 Rxe4 36. Bb6 Rde8 37. Bxa5 Na2 38. Rc2 Rxa4 39. Bd2 Rd8 40. g3
Bf8 41. Be3 Nb4 42. Rc1 Rda8 43. Nc3 Ra1 44. Kg2 Rxc1 45. Bxc1 Rc8 46. Bd2 Bg7
47. Ne4 Nd5 48. Rb5 Ne7 49. Rb7 Nf5 50. g4 Re8 51. f3 Nh4+ 52. Kg3 g5 53. Bxg5
hxg5 54. Nxg5 Ng6 55. Nxf7 Rf8 56. Ng5 Be5+ 57. Kf2 Rb8 58. Rxb8+ Bxb8 59. Ne4
Kf7 60. Ng3 Ba7+ 61. Kf1 Kf6 62. Nf5 Kg5 63. Kg2 Nf4+ 64. Kh2 Bf2 65. h4+ Bxh4
66. Nxh4 1/2-1/2

[Event "Deutsche Meisterschaft 2013"]
[Site "Saarbrücken"]
[Date "2013.09.08"]
[Round "3.20"]
[White "Jussupow, Nadia"]
[Black "Frischmann, Rick"]
[Result "0-1"]
[WhiteElo "2156"]
[BlackElo "2230"]
[PlyCount "76"]
[EventDate "2013.09.05"]

1. d4 d5 2. c4 Nc6 3. Nc3 dxc4 4. Nf3 Nf6 5. Bg5 a6 6. d5 Na7 7. e4 Nb5 8. Qc2
Nxc3 9. bxc3 h6 10. Bxf6 exf6 11. Bxc4 Bc5 12. O-O O-O 13. Nd4 Re8 14. Rad1 Qe7
15. Rfe1 Qe5 16. Qd2 Bd7 17. f4 Qd6 18. Kh1 b5 19. Bd3 b4 20. Nc2 a5 21. Rb1
Rab8 22. cxb4 axb4 23. Rb2 f5 24. exf5 Qxd5 25. Rxe8+ Rxe8 26. f6 Bf5 27. Rb3
Rd8 28. Ne1 Qd4 29. Nf3 Qxf6 30. Qc2 Bxd3 31. Qxc5 Qxf4 32. Rxb4 Be4 33. Qc2
Qxf3 34. gxf3 Bxc2 35. Rc4 Bd1 36. Rxc7 Bxf3+ 37. Kg1 Rd2 38. a4 Rg2+ 0-1

[Event "Deutsche Meisterschaft 2013"]
[Site "Saarbrücken"]
[Date "2013.09.08"]
[Round "3.21"]
[White "Bär, Sören"]
[Black "Schlenker, Jörg"]
[Result "0-1"]
[WhiteElo "2139"]
[BlackElo "2217"]
[PlyCount "94"]
[EventDate "2013.09.05"]

1. Nf3 d6 2. d4 Bg4 3. e4 Nf6 4. Nc3 c6 5. h3 Bh5 6. Qe2 Bxf3 7. Qxf3 Nbd7 8.
d5 g6 9. Be2 Bg7 10. O-O O-O 11. Bf4 Rc8 12. dxc6 bxc6 13. Rfd1 Qc7 14. Rac1
Rfd8 15. Na4 Nf8 16. c4 Ne6 17. Be3 Qa5 18. b3 Ng5 19. Bxg5 Qxg5 20. g3 h5 21.
h4 Qa5 22. Qe3 Nd7 23. Bf1 c5 24. Bh3 Bd4 25. Qg5 Bf6 26. Qe3 Bd4 27. Qg5 Ne5
28. Qxe7 Re8 29. Qb7 Rb8 30. Qd5 Qc7 31. Kg2 Nc6 32. Qg5 Rxe4 33. Re1 Rbe8 34.
Rxe4 Rxe4 35. Rc2 Re5 36. Qf4 Nb4 37. Rd2 Qe7 38. Kh2 Kg7 39. Qf3 Qe8 40. a3
Nc6 41. Bg2 Na5 42. Qd3 Re1 43. Ra2 Nc6 44. Bd5 Ne5 45. Qd2 Ng4+ 46. Kg2 Bxf2
47. Qf4 Rg1+ 0-1

[Event "Deutsche Meisterschaft 2013"]
[Site "Saarbrücken"]
[Date "2013.09.09"]
[Round "4.1"]
[White "Fridman, Daniel"]
[Black "Bischoff, Klaus"]
[Result "0-1"]
[WhiteElo "2614"]
[BlackElo "2500"]
[PlyCount "78"]
[EventDate "2013.09.05"]

1. d4 g6 2. Nf3 Bg7 3. c4 d6 4. g3 c5 5. d5 Nd7 6. Bg2 b5 7. cxb5 a6 8. bxa6
Bxa6 9. O-O Nb6 10. Nc3 Nf6 11. Nh4 Nfd7 12. Qc2 Nc4 13. Nf3 Qa5 14. Nd2 Na3
15. Qd1 O-O 16. Nde4 Nc4 17. Qc2 Rfb8 18. Bh3 Nf6 19. Nd2 Qb4 20. Nxc4 Bxc4 21.
Rd1 Bb3 22. Qd3 Bxd1 23. Nxd1 Qb7 24. Bg2 Nd7 25. Qc2 Nb6 26. Ne3 Ra4 27. Bd2
Qa6 28. Bc3 Rxa2 29. Rxa2 Qxa2 30. Bxg7 Kxg7 31. Qc3+ f6 32. h4 Nd7 33. Bh3 Rb3
34. Qc1 Rxb2 35. Bf1 Rb1 36. Qc3 Qxe2 37. Qa5 Ne5 38. Qd8 Rxf1+ 39. Nxf1 Ng4
0-1

[Event "Deutsche Meisterschaft 2013"]
[Site "Saarbrücken"]
[Date "2013.09.09"]
[Round "4.2"]
[White "Buhmann, Rainer"]
[Black "Graf, Felix"]
[Result "1-0"]
[WhiteElo "2580"]
[BlackElo "2481"]
[PlyCount "57"]
[EventDate "2013.09.05"]

1. Nf3 d5 2. d4 Nf6 3. c4 c6 4. Nc3 g6 5. cxd5 cxd5 6. Bf4 Bg7 7. e3 O-O 8. Be2
Nc6 9. Ne5 Nxe5 10. Bxe5 Be6 11. O-O Ne4 12. Nxe4 dxe4 13. Bxg7 Kxg7 14. Qa4
Qb6 15. b3 Rfc8 16. Rac1 Qd6 17. Rxc8 Rxc8 18. Qxa7 Qb4 19. h3 Rc2 20. Bc4 Bxc4
21. bxc4 Rxc4 22. Qb8 Qb5 23. Rd1 Qd5 24. Rb1 e6 25. a3 Rc3 26. a4 Ra3 27. Rb5
Qc6 28. Rxb7 Qd5 29. Rb5 1-0

[Event "Deutsche Meisterschaft 2013"]
[Site "Saarbrücken"]
[Date "2013.09.09"]
[Round "4.3"]
[White "Krämer, Martin"]
[Black "Wagner, Dennis"]
[Result "1/2-1/2"]
[WhiteElo "2542"]
[BlackElo "2472"]
[PlyCount "80"]
[EventDate "2013.09.05"]

1. d4 Nf6 2. c4 g6 3. Nf3 Bg7 4. Nc3 d5 5. Qb3 dxc4 6. Qxc4 O-O 7. e4 a6 8. e5
b5 9. Qb3 Nfd7 10. Be2 c5 11. e6 fxe6 12. Qxe6+ Kh8 13. dxc5 Ne5 14. Qb3 Nd3+
15. Bxd3 Qxd3 16. Be3 Nc6 17. Rd1 Qf5 18. Qd5 Qxd5 19. Nxd5 Bg4 20. h3 Bxf3 21.
gxf3 Bxb2 22. Ke2 Rf5 23. Rd2 Rd8 24. Rhd1 Bc1 25. Nxe7 Rxd2+ 26. Bxd2 Re5+ 27.
Be3 Bxe3 28. Nxc6 Rxc5 29. Rd8+ Kg7 30. Rd7+ Kh6 31. fxe3 Rxc6 32. Kd3 b4 33.
Kd2 Rc5 34. Rd4 a5 35. Rh4+ Kg7 36. Rd4 Kf6 37. a3 bxa3 38. Ra4 Rh5 39. h4 a2
40. Rxa2 Rxh4 1/2-1/2

[Event "Deutsche Meisterschaft 2013"]
[Site "Saarbrücken"]
[Date "2013.09.09"]
[Round "4.4"]
[White "Donchenko, Alexander"]
[Black "Blübaum, Matthias"]
[Result "1/2-1/2"]
[WhiteElo "2467"]
[BlackElo "2514"]
[PlyCount "48"]
[EventDate "2013.09.05"]

1. c4 c6 2. Nf3 d5 3. g3 Nf6 4. Bg2 dxc4 5. O-O Nbd7 6. Na3 Nb6 7. Qc2 Be6 8.
Ng5 Bg4 9. Nxc4 Bxe2 10. Ne5 Bh5 11. Re1 h6 12. Ne4 e6 13. Nxf6+ gxf6 14. Nxc6
bxc6 15. Bxc6+ Nd7 16. Qf5 Bg6 17. Rxe6+ Be7 18. Qxf6 Rg8 19. Re1 Kf8 20. Qf4
Rc8 21. Qxh6+ Rg7 22. Qh8+ Rg8 23. Qh6+ Rg7 24. Qh8+ Rg8 1/2-1/2

[Event "Deutsche Meisterschaft 2013"]
[Site "Saarbrücken"]
[Date "2013.09.09"]
[Round "4.5"]
[White "Stern, Rene"]
[Black "Lubbe, Nikolas"]
[Result "1-0"]
[WhiteElo "2509"]
[BlackElo "2432"]
[PlyCount "139"]
[EventDate "2013.09.05"]

1. Nf3 d5 2. d4 Nf6 3. c4 dxc4 4. e3 Bg4 5. Bxc4 e6 6. Nbd2 a6 7. a3 Nc6 8. b4
Bd6 9. Bb2 O-O 10. Be2 Qe7 11. Rc1 h6 12. O-O Rfd8 13. Re1 Nb8 14. h3 Bh5 15.
Nc4 Nbd7 16. Qb3 Rab8 17. Nce5 Bxe5 18. dxe5 Ne8 19. Bd4 Bxf3 20. Bxf3 c6 21.
Be4 Nc7 22. Bb1 Nb5 23. Bb2 g6 24. Red1 Nc7 25. Qc4 Nb6 26. Qf4 Rxd1+ 27. Rxd1
Rd8 28. Rd6 Re8 29. Qxh6 Nb5 30. Bd3 Qf8 31. Qxf8+ Rxf8 32. Bxb5 axb5 33. Bd4
Nc4 34. Rd7 Rb8 35. Kh2 Nxa3 36. Ba7 Rc8 37. Rxb7 Nc4 38. Bd4 Kg7 39. Ra7 Nd2
40. Kg3 Nb3 41. Kf3 c5 42. bxc5 Nxc5 43. Ra5 Nd3 44. Rxb5 Rc2 45. e4 Rc4 46.
Be3 Rb4 47. Rxb4 Nxb4 48. Bg5 Nd3 49. Bf6+ Kh6 50. h4 Ne1+ 51. Kg3 Nd3 52. f3
Kh7 53. Kh2 Ne1 54. Kg1 Nd3 55. g3 Kh6 56. Kf1 Nc5 57. Ke2 Kh7 58. Ke3 Kg8 59.
Be7 Nb3 60. Bb4 Kg7 61. Ba3 Kh7 62. Kd3 Na5 63. Bd6 Nb3 64. Ba3 Na5 65. Kc3 Nc6
66. Bd6 Na5 67. Bc7 Nc6 68. Kc4 Kg7 69. Kc5 Ne7 70. Bd8 1-0

[Event "Deutsche Meisterschaft 2013"]
[Site "Saarbrücken"]
[Date "2013.09.09"]
[Round "4.6"]
[White "Poetsch, Hagen"]
[Black "Schleining, Zoya"]
[Result "1/2-1/2"]
[WhiteElo "2468"]
[BlackElo "2377"]
[PlyCount "93"]
[EventDate "2013.09.05"]

1. e4 c5 2. Nf3 e6 3. Nc3 Nc6 4. d4 cxd4 5. Nxd4 Qc7 6. Be3 a6 7. Qd2 Nf6 8.
O-O-O Bb4 9. f3 Ne5 10. Nb3 b5 11. Qe1 Be7 12. f4 Ng6 13. e5 Ng4 14. Ne4 Nxe3
15. Qxe3 Bb7 16. Nd6+ Bxd6 17. exd6 Qc6 18. f5 Nh4 19. Bd3 O-O 20. Na5 Qc8 21.
fxe6 fxe6 22. Nxb7 Qxb7 23. Be4 Nf5 24. Qd3 Qb6 25. Bxa8 Rxa8 26. Rhe1 Rc8 27.
g4 Nh4 28. Kb1 b4 29. Re4 Ng6 30. Qb3 Rb8 31. Qc4 a5 32. Qc7 Qb5 33. Rxe6 Rf8
34. Re4 Ne5 35. c4 bxc3 36. Qxc3 Nxg4 37. Qb3+ Qxb3 38. axb3 Nf2 39. Rde1 Nxe4
40. Rxe4 g6 41. Ka2 Rf6 42. Re8+ Kg7 43. Re7+ Rf7 44. Re5 Rf5 45. Re7+ Rf7 46.
Re4 Rf6 47. Re7+ 1/2-1/2

[Event "Deutsche Meisterschaft 2013"]
[Site "Saarbrücken"]
[Date "2013.09.09"]
[Round "4.7"]
[White "Kopylov, Michael"]
[Black "Braun, Christian"]
[Result "1/2-1/2"]
[WhiteElo "2457"]
[BlackElo "2362"]
[PlyCount "108"]
[EventDate "2013.09.05"]

1. d4 Nf6 2. c4 g6 3. Nf3 Bg7 4. g3 c5 5. d5 b5 6. cxb5 Qa5+ 7. Bd2 Qxb5 8. Nc3
Qb6 9. Na4 Qd6 10. Nxc5 O-O 11. Rc1 Na6 12. Nd3 Bb7 13. Bg2 Nxd5 14. Qa4 Rfc8
15. O-O Rxc1 16. Rxc1 Rc8 17. Rxc8+ Bxc8 18. Qa5 Nb6 19. Be3 Qc7 20. b4 Bc3 21.
Qa3 Nd5 22. b5 Nab4 23. Nxb4 Bxb4 24. Qxa7 Qxa7 25. Bxa7 Nc3 26. Nd4 e5 27. Nc2
Nxb5 28. Nxb4 Nxa7 29. Nd5 Kf8 30. Kf1 Bb7 31. Nf6 Bxg2+ 32. Kxg2 Ke7 33. Nxh7
f6 34. g4 g5 35. h4 gxh4 36. g5 fxg5 37. Nxg5 Nb5 38. e3 Nc3 39. a3 d5 40. Nf3
Kd6 41. Nxh4 d4 42. exd4 exd4 43. Nf3 Kc5 44. Nd2 Nb5 45. a4 Nc3 46. a5 Kb5 47.
Nb3 d3 48. Kf3 Kb4 49. Ke3 Kxb3 50. Kxd3 Nb5 51. a6 Kb4 52. f4 Ka5 53. Ke4 Kxa6
54. Ke5 Kb6 1/2-1/2

[Event "Deutsche Meisterschaft 2013"]
[Site "Saarbrücken"]
[Date "2013.09.09"]
[Round "4.8"]
[White "Colpe, Malte"]
[Black "Svane, Rasmus"]
[Result "0-1"]
[WhiteElo "2338"]
[BlackElo "2445"]
[PlyCount "92"]
[EventDate "2013.09.05"]

1. d4 d5 2. c4 c6 3. Nf3 Nf6 4. Nc3 dxc4 5. a4 Bf5 6. e3 e6 7. Bxc4 Bb4 8. O-O
O-O 9. Qe2 Bg4 10. Rd1 Nbd7 11. e4 Qc7 12. e5 Nd5 13. Nxd5 cxd5 14. Bd3 h6 15.
h3 Bh5 16. g4 Bg6 17. Bxg6 fxg6 18. g5 Qc4 19. Qxc4 dxc4 20. Kg2 Nb6 21. gxh6
gxh6 22. Bxh6 Rf5 23. Be3 Nd5 24. Nh2 Rc8 25. Ng4 Kg7 26. Kg3 g5 27. Rh1 Nf4
28. Bxf4 Rxf4 29. h4 Rxd4 30. hxg5 Bd2 31. Nf6 c3 32. bxc3 Rxc3+ 33. Kg2 Bxg5
34. Rh7+ Kg6 35. Rxb7 Rc2 36. Rxa7 Be3 37. Rf1 Rf4 38. Ra8 Bxf2 39. Kh3 Rc3+
40. Kh2 Bg3+ 41. Kg2 Rc2+ 42. Kxg3 Rxf1 43. Rb8 Rc3+ 44. Kg2 Ra1 45. Ne4 Ra2+
46. Nf2 Kf5 0-1

[Event "Deutsche Meisterschaft 2013"]
[Site "Saarbrücken"]
[Date "2013.09.09"]
[Round "4.9"]
[White "Jugelt, Tobias"]
[Black "Oberhofer, Andre"]
[Result "0-1"]
[WhiteElo "2429"]
[BlackElo "2329"]
[PlyCount "46"]
[EventDate "2013.09.05"]

1. d4 Nf6 2. c4 e6 3. Nc3 Bb4 4. Qc2 O-O 5. Nf3 d5 6. a3 Bxc3+ 7. Qxc3 Ne4 8.
Qc2 c5 9. dxc5 Nc6 10. e3 Qa5+ 11. Nd2 Qxc5 12. Nxe4 dxe4 13. Qxe4 f5 14. Qc2
e5 15. b4 Qe7 16. Bb2 f4 17. Qc3 Bg4 18. c5 Kh8 19. Bc4 Rad8 20. h3 Qh4 21. b5
fxe3 22. Qxe3 Nd4 23. Rc1 Nc2+ 0-1

[Event "Deutsche Meisterschaft 2013"]
[Site "Saarbrücken"]
[Date "2013.09.09"]
[Round "4.10"]
[White "Schöne, Ralf"]
[Black "Plischki, Sebastian"]
[Result "1/2-1/2"]
[WhiteElo "2345"]
[BlackElo "2436"]
[PlyCount "90"]
[EventDate "2013.09.05"]

1. d4 Nf6 2. c4 e6 3. Nc3 Bb4 4. e3 d5 5. Nge2 dxc4 6. Qa4+ Nc6 7. a3 Ba5 8.
Qxc4 O-O 9. b4 Bb6 10. Bb2 e5 11. d5 Ne7 12. Rd1 Nf5 13. Ng3 Nd6 14. Qd3 h5 15.
h4 Bd7 16. Be2 g6 17. Qc2 Qe7 18. Na4 Bxa4 19. Qxa4 a5 20. Qb3 axb4 21. axb4
Rfe8 22. Nf1 Qd7 23. Nd2 Qa4 24. Bc4 Nxc4 25. Qxc4 Qa2 26. Qxa2 Rxa2 27. Nc4
Ne4 28. Ra1 Rxa1+ 29. Bxa1 f6 30. O-O Ra8 31. f3 Nd6 32. Nxb6 cxb6 33. e4 b5
34. f4 Nc4 35. fxe5 fxe5 36. Bc3 Ra3 37. Rc1 Kf7 38. Kf2 Ke7 39. Rc2 Rb3 40.
Ke2 Rb1 41. Ra2 Rg1 42. Kd3 Rd1+ 43. Ke2 Rg1 44. Kd3 Rd1+ 45. Ke2 Rg1 1/2-1/2

[Event "Deutsche Meisterschaft 2013"]
[Site "Saarbrücken"]
[Date "2013.09.09"]
[Round "4.11"]
[White "Vatter, Hans-Joachim"]
[Black "Braun, Vitali"]
[Result "0-1"]
[WhiteElo "2288"]
[BlackElo "2403"]
[PlyCount "104"]
[EventDate "2013.09.05"]

1. d4 g6 2. e4 Bg7 3. Nc3 d6 4. f4 e6 5. Nf3 Ne7 6. Bd3 Nd7 7. O-O O-O 8. Qe1
c5 9. dxc5 Nxc5 10. Kh1 a6 11. Be3 b5 12. a3 Qc7 13. Qh4 f5 14. e5 Nxd3 15.
cxd3 dxe5 16. fxe5 Bb7 17. Rac1 Qd7 18. Bh6 Nc6 19. Bxg7 Kxg7 20. d4 Rad8 21.
Ne2 Kg8 22. Rfd1 Ne7 23. Nf4 Nd5 24. Nxd5 Bxd5 25. Rc5 Qb7 26. Rd3 Rd7 27. Kg1
Kg7 28. Ng5 Kg8 29. Qh6 f4 30. Rdc3 a5 31. b4 axb4 32. axb4 Qa8 33. h4 Re7 34.
Kh2 Qd8 35. Rxb5 Bxg2 36. Kxg2 Qxd4 37. Rbc5 Qd2+ 38. Kf3 Qd1+ 39. Kf2 Qd2+ 40.
Kf3 Qd1+ 41. Kf2 Ra7 42. Rc2 Qd4+ 43. Kf1 Qd3+ 44. Kg1 Ra1+ 45. Rc1 Qe3+ 46.
Kh2 Qd2+ 47. Kh3 Ra3+ 48. R5c3 Rxc3+ 49. Rxc3 Qxc3+ 50. Kh2 Qd2+ 51. Kh3 Qd7
52. Ne4 Qd3+ 0-1